000 01042pam a2200313 a 4500
001 4360286
003 Nust
005 20210419110701.0
008 900423s1990 nyua b 001 0 eng
010 _a 90009823
020 _a0387973001
038 _aNusrat Nadeem
040 _aDLC
_cRCMS
_dDLC
050 0 0 _aQA901
_b.C53 1990
082 0 0 _a532
_220
100 1 _aChorin, Alexandre Joel.
_952079
245 1 2 _aA mathematical introduction to fluid mechanics /
_cA. J. Chorin, J. E. Marsden.
260 _aNew York :
_bSpringer-Verlag,
_c1992.
300 _a168 p. :
_bill. ;
_c25 cm.
440 0 _aTexts in applied mathematics
_952080
504 _aIncludes bibliographical references and index.
563 _aHard Binding
650 0 _aFluid mechanics.
_91678
700 1 _aMarsden, Jerrold E.
_952081
856 _3Table of contents only
_uhttp://www.loc.gov/catdir/toc/ecip0716/2007017469.html
906 _a7
_bcbc
_corignew
_d1
_eocip
_f19
_gy-gencatlg
942 _2ddc
_cBK
999 _c232520
_d232520